| 000 | 00669nam a2200205Ii 4500 | ||
|---|---|---|---|
| 003 | JO-AjNU | ||
| 008 | 230605s9999||||xx |||||||||||||| ||und|| | ||
| 040 |
_aJO-AjNU _bara _erda _cJO-AjNU |
||
| 041 | _aara | ||
| 050 | 1 | 4 | _aPJ7866.J3.Z92 2006 |
| 100 | 3 |
_aجدوع،محمد, _eauthor _97103 |
|
| 245 | 0 | 0 | _aالتاريخ والعجيلي: دراسة |
| 250 | _aط1 | ||
| 264 | 3 | 1 | _aدمشق: دار الفرقد، 2006 |
| 300 | _a271ص | ||
| 336 |
_atext _btxt _2rdacontent |
||
| 337 |
_aunmediated _bn _2rdamedia |
||
| 338 |
_avolume _bnc _2rdacarrier |
||
| 650 | 4 |
_aالأدب العربي - تاريخ ونقد - تراجم - المؤلفين السوريين _97104 |
|
| 999 |
_aA109 _c3677 _d3677 |
||